000 00269nam a22001217a 4500
008 250108b |||||||| |||| 00| 0 eng d
020 _a014-028045-6
050 _aPR7596.9
_b.F37
100 _aFarah Nuruddin
245 _aSecrets
260 _aKaduna
_c1998
942 _cBK
999 _c1896
_d1896